Click the Countries by one of their Cities on a Borderless World Map 1 - Statistics

General Stats
  • This quiz has been taken 54 times
  • The average score is 14 of 20
Answers on the Map
Answers color-coded by a green-red scale on the quiz's map according to % correct below.
 
Answer Stats
Answer % Correct
Istanbul
96%
Barcelona
83%
Osaka
81%
Perth
81%
Lyon
77%
Marrakesh
74%
St. Petersburg
74%
Chengdu
72%
Dubai
72%
Ho Chi Minh City
72%
Venice
72%
Calgary
68%
Guadalajara
66%
Kolkatta
64%
Timbuktu
64%
Bergen
60%
Almaty
57%
Danzig
55%
Manaus
40%
Abidjan
36%
No matching quizzes found
Score Distribution
Percent of People with Each Score
Percentile by Number Answered
Your Score History
You have not taken this quiz